| 000 | 00560nam a22001937a 4500 | ||
|---|---|---|---|
| 999 |
_c167470 _d167470 |
||
| 005 | 20190904145523.0 | ||
| 010 | _aENG-126413 | ||
| 020 |
_c225.00 _a9788193324820 |
||
| 035 | _aEN-109945 | ||
| 037 | _bDBAD/PUB | ||
| 082 | _aN | ||
| 100 | _aAttri, Anshuk | ||
| 245 |
_aQuarter Life Crisis / _cby Anshuk Attri |
||
| 260 |
_aNoida _bMaple Press Private Limited _c2017 |
||
| 270 |
_bNoida _aA-63,sector 58, Noida _e201301 _k+911204553581 _k4553583 _minfo@maplepress.co.in |
||
| 300 |
_a300p. _c22cm(pb) |
||
| 650 | _a English Novel | ||
| 942 |
_2ddc _cEN _hN _mATT |
||